Candidatos del PSOE al Gobierno de España - Estadísticas

Estadísticas generales
  • Esta prueba ha sido intentada 245 veces
  • La puntuación promedio es 14 de 15
Estadísticas de respuestas
Elecciones Candidato % Correcto
2015 Pedro Sánchez
100%
2016 Pedro Sánchez
100%
2019 (1) Pedro Sánchez
100%
2019 (2) Pedro Sánchez
100%
2004 José Luis Rodríguez Zapatero
97%
2008 José Luis Rodríguez Zapatero
97%
1977 Felipe González
94%
1979 Felipe González
94%
1982 Felipe González
94%
1986 Felipe González
94%
1989 Felipe González
94%
1993 Felipe González
94%
1996 Felipe González
94%
2011 Alfredo Pérez Rubalcaba
78%
2000 Joaquín Almunia
41%
No se encontraron pruebas coincidentes
Distribución de puntuación
Porcentaje de gente con cada puntuación
Porcentaje por número respondido
Historial de tus puntuaciones
No has intentado esta prueba.